Normal view
MARC view
Entry Término temático
001 - NÚMERO DE CONTROL
- campo de control: 50176
003 - IDENTIFICADOR DEL NÚMERO DE CONTROL
- campo de control: OSt
005 - FECHA Y HORA DE LA ÚLTIMA TRANSACCIÓN
- campo de control: 20240812113852.0
008 - DATOS DE LONGITUD FIJA
- campo de control de longitud fija: 240812|| aca||aabn | a|a d
040 ## - FUENTE DE LA CATALOGACIÓN
- Centro catalogador/agencia de origen: OSt
- Centro/agencia transcriptor: OSt
150 ## - ENCABEZAMIENTO--TÉRMINO DE MATERIA
- Término de materia o nombre geográfico como elemento de entrada: Texto en Quechua
670 ## - FUENTE DE DATOS ENCONTRADOS
- Cita de la fuente: Work cat.: (OSt): Valencia Saire, Fernando. 50175, Inkaq Suchin - El tesoro del Inka -, 2020